<?xml version="1.0" encoding="UTF-8"?><?xml-stylesheet type="text/xsl" href="static/style.xsl"?><OAI-PMH xmlns="http://www.openarchives.org/OAI/2.0/" xmlns:xsi="http://www.w3.org/2001/XMLSchema-instance" xsi:schemaLocation="http://www.openarchives.org/OAI/2.0/ http://www.openarchives.org/OAI/2.0/OAI-PMH.xsd"><responseDate>2026-06-01T12:30:41Z</responseDate><request verb="GetRecord" identifier="oai:riuma.uma.es:10630/39412" metadataPrefix="marc">https://riuma.uma.es/rest/oai/request</request><GetRecord><record><header><identifier>oai:riuma.uma.es:10630/39412</identifier><datestamp>2026-02-03T10:52:33Z</datestamp><setSpec>com_10630_2254</setSpec><setSpec>col_10630_37953</setSpec></header><metadata><record xmlns="http://www.loc.gov/MARC21/slim" xmlns:dcterms="http://purl.org/dc/terms/" xmlns:doc="http://www.lyncode.com/xoai" xmlns:xsi="http://www.w3.org/2001/XMLSchema-instance" xsi:schemaLocation="http://www.loc.gov/MARC21/slim http://www.loc.gov/standards/marcxml/schema/MARC21slim.xsd">
   <leader>00925njm 22002777a 4500</leader>
   <datafield ind2=" " ind1=" " tag="042">
      <subfield code="a">dc</subfield>
   </datafield>
   <datafield ind2=" " ind1=" " tag="720">
      <subfield code="a">Chamizo-Nieto, María Teresa</subfield>
      <subfield code="e">author</subfield>
   </datafield>
   <datafield ind2=" " ind1=" " tag="720">
      <subfield code="a">Rey-Peña, Lourdes</subfield>
      <subfield code="e">author</subfield>
   </datafield>
   <datafield ind2=" " ind1=" " tag="260">
      <subfield code="c">2022-06</subfield>
   </datafield>
   <datafield ind2=" " ind1=" " tag="520">
      <subfield code="a">La violencia entre iguales provoca un impacto negativo sobre la salud de los adolescentes implicados. Entre los factores que han mostrado evidencias para predecir la realización y el sufrimiento de conductas agresivas, se encuentran las estrategias de afrontamiento cognitivo-emocional. Sin embargo, en contextos de acoso y ciberacoso pocos estudios han analizado el papel de estas estrategias y, aún menos, de manera separada para chicos y chicas. Por ello, este estudio planteó dos objetivos: analizar las diferencias por sexo en agresión y victimización en acoso y ciberacoso, así como en el uso de las estrategias de afrontamiento; y explorar cuáles son las estrategias que mejor predicen la victimización y agresión en ambas situaciones de manera separada para chicos y chicas. Una muestra de 1904 adolescentes completó tres cuestionarios que evaluaban el acoso, el ciberacoso y las estrategias de afrontamiento cognitivo. Los resultados mostraron diferencias significativas por sexo en agresión, victimización, ciberagresión y en cinco estrategias. Además, los resultados de las regresiones indicaron que, por ejemplo, la estrategia de culpar a otros fue una de las que mejor predijo la agresión y victimización en acoso y ciberacoso en chicos y chicas. Por último, se discuten las limitaciones e implicaciones derivadas de este estudio.</subfield>
   </datafield>
   <datafield ind1="8" ind2=" " tag="024">
      <subfield code="a">Chamizo-Nieto, M. T. y Rey, L. (2022). Estrategias cognitivas para afrontar situaciones de acoso/ciberacoso: diferencias entre chicos y chicas. Escritos de Psicología / Psychological Writings, 15(1), 29-39. https://doi.org/10.24310/espsiescpsi.v15i1.13673</subfield>
   </datafield>
   <datafield ind1="8" ind2=" " tag="024">
      <subfield code="a">https://hdl.handle.net/10630/39412</subfield>
   </datafield>
   <datafield ind1="8" ind2=" " tag="024">
      <subfield code="a">10.24310/espsiescpsi.v15i1.13673</subfield>
   </datafield>
   <datafield tag="653" ind2=" " ind1=" ">
      <subfield code="a">Internet y jóvenes</subfield>
   </datafield>
   <datafield tag="653" ind2=" " ind1=" ">
      <subfield code="a">Ciberacoso - Prevención</subfield>
   </datafield>
   <datafield ind2="0" ind1="0" tag="245">
      <subfield code="a">Estrategias cognitivas para afrontar situaciones de acoso/ciberacoso: diferencias entre chicos y chicas</subfield>
   </datafield>
</record>
</metadata></record></GetRecord></OAI-PMH>